Les lacs du Connemara - Michel Sardou (Paroles) - Statistiques

Statistiques générales
  • Ce quiz a été pris 820 fois
  • Le résultat moyen est 222 sur 282
Statistiques - réponses
Paroles % Correct
la
100%
La
100%
a
99%
au
99%
Au
99%
Connemara
99%
de
99%
De
99%
Des
99%
des
99%
le
99%
Le
99%
du
98%
lac
98%
les
98%
Terre
98%
terre
98%
brûlée
97%
c'est
96%
C'est
96%
lacs
96%
Un
96%
un
96%
pour
95%
vent
95%
vie
95%
vivants
95%
landes
94%
peu
94%
nuages
93%
pierres
93%
qui
93%
noirs
92%
nord
92%
rivières
92%
viennent
92%
décor
91%
et
91%
Et
91%
ça
89%
d'enfer
89%
irlandais
89%
Irlandais
89%
ciel
88%
Autour
87%
dans
87%
dit
87%
Colorent
86%
printemps
85%
suivant
85%
en
84%
se
84%
je
81%
80%
paix
80%
catholique
79%
On
79%
plongé
79%
suis
78%
nue
75%
oui
75%
que
75%
Que
75%
Là-bas
74%
aussi
73%
était
73%
il
73%
Maureen
73%
une
72%
folie
71%
Y
71%
y
71%
sont
69%
danse
68%
Ils
66%
L'église
66%
arrivés
65%
jour
65%
s'est
65%
tout
65%
granit
63%
Sean
63%
silence
63%
comté
62%
encore
61%
prix
61%
sait
61%
nuits
59%
avait
58%
Gallois
58%
jours
58%
Kelly
58%
pas
58%
deux
57%
trois
57%
voit
54%
aux
53%
croit
53%
Galway
53%
Ni
53%
quoi
53%
temps
53%
boire
52%
chevaux
51%
celle
50%
Croix
50%
monstres
50%
feront
49%
Connors
46%
est
46%
rythme
46%
vit
46%
l'éternité
44%
n'accepte
44%
viendra
44%
meilleur
43%
Autours
42%
autours
42%
d'été
42%
certains
41%
soirs
41%
soleil
41%
Limerick
40%
Qu'on
40%
repos
40%
d'Angleterre
39%
l'âme
39%
pluies
39%
près
39%
replonger
39%
venus
39%
d'ailleurs
38%
chercher
37%
cœur
37%
hommes
37%
nager
35%
of
35%
gout
33%
Tipperary
31%
Cromwell
30%
Flaherty
30%
Kerry
30%
Gaëls
29%
L'on
23%
Barry-Connely
16%
O'Connoly
16%
King
11%
voir
9%
Aucun quiz correspondant
Distribution des résultats
% des personnes avec chaque résultat
Percentile par nombre de réponses
Votre historique - résultats
Vous n’avez pas pris ce quiz